Statistics for Largest Islands in the United States

Click here to take the quiz!

General Stats

  • This quiz has been taken 20 times
  • The average score is 5 of 20

Answer Stats

NumberArea (square miles)PopulationAnswer% Correct
111,4017,568,304Long Island
84%
14,028185,079Big Island
79%
17727144,444Maui
63%
33,3633,725,789Puerto Rico
63%
20597953,207Oahu
58%
23,58813,592Kodiak Island
47%
141,0511,759Unalaska Island
26%
42,5775,559Prince of Wales Island
11%
71,684650Admiralty Island
5%
18698169Afognak
5%
101,5708,532Baranof Island
5%
52,0801,342Chichagof Island
5%
1675810Kuiu Island
5%
131,086584Kupreanof Island
5%
158431,197Nelson Island
5%
81,625191Nunivak Island
5%
121,14513,477Revillagigedo Island
5%
61,9831,352St. Lawrence Island
5%
2969239Umnak
5%
91,59035Unimak Island
5%

Score Distribution

Percentile by Number Answered

Percent of People with Each Score

Your Score History

You have not taken this quiz